| 000 | 00667nam a2200229Ia 4500 | ||
|---|---|---|---|
| 005 | 20241129110214.0 | ||
| 008 | 241129s9999||||xx |||||||||||||| ||und|| | ||
| 020 | _a978-1-138-49226-7 | ||
| 037 | _aREF | ||
| 040 |
_aARTS _beng _cARTS |
||
| 041 |
_aeng _2eng |
||
| 084 |
_aR694g R3(RR) _qARTS |
||
| 100 |
_aEdelglass William Ed. _9474725 |
||
| 245 | 0 |
_aRoutledge handbook of Indian buddhist philosophy _cEdelglass William Ed. |
|
| 260 |
_aUK _bRoutledege _c2023 |
||
| 300 | _axxiv,678p. | ||
| 365 |
_aUKP _b205 |
||
| 490 | _aRoutledge handbooks | ||
| 650 |
_aPhilosophyBuddhism _9727076 |
||
| 942 |
_cREF _hR694g R3(RR) |
||
| 999 |
_c1227709 _d1227709 |
||